Statistics for Summer Olympics - Medalists at Diving

Click here to take the quiz!

General Stats

  • This quiz has been taken 47 times
  • The average score is 13 of 20

Answer Stats

Olympic Teams% Correct
China
98%
United States
95%
Germany
84%
Australia
81%
Russia
81%
Canada
79%
Great Britain
74%
Mexico
72%
Soviet Union
72%
Sweden
70%
France
67%
Italy
67%
Ukraine
60%
Denmark
53%
East Germany
53%
Greece
49%
Malaysia
44%
Czechoslovakia
35%
Egypt
28%
Unified Team
23%

Score Distribution

Percentile by Number Answered

Percent of People with Each Score

Your Score History

You have not taken this quiz